[Event "Landesklasse Ost 2024/25"]
[Site "?"]
[Date "2024.11.24"]
[Round "3.3"]
[White "Schlierf, Andre"]
[Black "Rohde, Frederik"]
[Result "1/2-1/2"]
[WhiteElo "1744"]
[BlackElo "1752"]
[PlyCount "86"]
[EventDate "2024.09.15"]
[EventType "team-tourn"]
[EventRounds "9"]
[WhiteTeam "Schachklub Weida"]
[BlackTeam "TV 1887 Germania Hermsdorf"]

{[%evp 0,86,41,-6,15,30,21,7,9,29,5,8,33,15,11,3,14,-6,-2,-14,4,-3,0,-51,-23,-40,6,-52,24,16,33,27,12,29,39,34,17,17,16,33,23,-36,-61,-90,-34,-48,-33,-22,-34,-202,-224,-237,-158,-393,-158,-158,-79,-78,-99,-99,-44,-63,-63,-75,-58,-49,-40,-74,-62,-80,-69,-92,-84,-93,-85,-124,-72,-85,-48,-98,-65,-92,-53,-73,-34,-32,0,-28,0]} 1. c4 c5 2. Nc3 Nc6 3. g3 g6 4. Bg2 Bg7 5. Nf3 Nf6 6. O-O O-O 7. d3 Rb8 8. e4 d6 9. h3 Bd7 10. Be3 e5 11. Ne1 Nd4 12. Nc2 b5 13. b3 a5 14. cxb5 Nxb5 15. Nxb5 Bxb5 16. Na3 Ba6 17. Qc2 Rc8 18. Nc4 d5 19. exd5 Nxd5 20. Rfd1 Nxe3 21. Nxe3 f5 22. Nc4 f4 23. Be4 Rc7 24. f3 fxg3 25. Kg2 Qh4 26. Qc3 Bc8 27. Rh1 Qf4 28. Qe1 Ra7 29. Qxg3 Qxg3+ 30. Kxg3 Bh6 31. Rab1 Bf4+ 32. Kg2 Be6 33. Rb2 Rb8 34. Rhb1 Kg7 35. Nd6 Kf6 36. Nc4 Kg5 37. Re2 Kf6 38. Reb2 h6 39. Re2 g5 40. Ne3 Rd7 41. Rc1 Rc8 42. Rcc2 h5 43. Re1 Rdd8 1/2-1/2

[Event "Landesklasse Ost 2024/25"]
[Site "?"]
[Date "2024.11.24"]
[Round "3.4"]
[White "Baulig, Manuel"]
[Black "Schumann, Robert"]
[Result "1/2-1/2"]
[WhiteElo "1909"]
[BlackElo "1852"]
[PlyCount "38"]
[EventDate "2024.09.15"]
[EventType "team-tourn"]
[EventRounds "9"]
[WhiteTeam "TV 1887 Germania Hermsdorf"]
[BlackTeam "Schachklub Weida"]

{[%evp 0,38,36,30,33,25,32,24,46,42,47,40,21,42,42,4,-18,-18,-11,-28,-2,-16,-20,-21,-21,-13,13,-16,9,-3,-7,-9,-10,-10,-3,-9,1,10,-3,20,34]} 1. d4 d5 2. Nf3 Nf6 3. Bf4 Nbd7 4. e3 e6 5. Bd3 c5 6. c4 cxd4 7. exd4 dxc4 8. Bxc4 Nb6 9. Bb3 Nbd5 10. Be5 Bb4+ 11. Nbd2 O-O 12. O-O b5 13. Qe2 a6 14. Rac1 Bb7 15. Ne4 Nxe4 16. Qxe4 Be7 17. Qg4 Bf6 18. Rfd1 Bxe5 19. dxe5 Qe7 1/2-1/2

[Event "Landesklasse Ost 2024/25"]
[Site "?"]
[Date "2024.11.24"]
[Round "3.5"]
[White "Wagner, Uwe"]
[Black "Moje, Hans-Jürgen"]
[Result "1/2-1/2"]
[WhiteElo "1707"]
[BlackElo "1823"]
[PlyCount "35"]
[EventDate "2024.09.15"]
[EventType "team-tourn"]
[EventRounds "9"]
[WhiteTeam "Schachklub Weida"]
[BlackTeam "TV 1887 Germania Hermsdorf"]

{[%evp 0,35,41,24,26,2,-8,-1,21,22,20,28,29,21,22,16,49,47,59,37,38,38,41,38,39,37,33,39,42,10,11,19,31,2,10,0,12,32]} 1. Nf3 Nc6 2. b3 Nf6 3. Bb2 d6 4. d4 d5 5. e3 Bg4 6. Be2 e6 7. O-O h5 8. Nbd2 Ne4 9. Ne5 Nxe5 10. dxe5 Bxe2 11. Qxe2 Nxd2 12. Qxd2 Be7 13. Qe2 c6 14. Kh1 f5 15. exf6 Bxf6 16. Bxf6 Qxf6 17. Rad1 g6 18. e4 1/2-1/2

[Event "Landesklasse Ost 2024/25"]
[Site "?"]
[Date "2024.11.24"]
[Round "3.6"]
[White "Hadlich, Gerald"]
[Black "Heine, Mario"]
[Result "1/2-1/2"]
[WhiteElo "1751"]
[BlackElo "1739"]
[PlyCount "63"]
[EventDate "2024.09.15"]
[EventType "team-tourn"]
[EventRounds "9"]
[WhiteTeam "TV 1887 Germania Hermsdorf"]
[BlackTeam "Schachklub Weida"]

{[%evp 0,63,28,36,70,61,65,63,69,66,48,49,67,45,49,37,33,51,53,50,50,37,40,33,30,31,71,-1,-5,-4,16,-20,4,2,16,0,-3,-8,-8,-8,2,-6,-2,-31,-22,-14,-9,-19,0,0,0,-16,-25,-23,-7,0,12,14,8,-5,0,0,-17,-30,-20,-18]} 1. e4 d6 2. d4 Nf6 3. Nc3 Nbd7 4. Nf3 e5 5. Bc4 Be7 6. O-O O-O 7. Re1 c6 8. a4 a5 9. h3 Qc7 10. Bb3 exd4 11. Nxd4 Nc5 12. Bc4 Rd8 13. Nf3 Be6 14. Bxe6 Nxe6 15. Be3 Nd7 16. Nd4 Ndf8 17. Qg4 Nxd4 18. Bxd4 Ne6 19. Be3 Bf6 20. Ne2 d5 21. exd5 Rxd5 22. c3 Rad8 23. Nf4 Nxf4 24. Bxf4 Qb6 25. Qe2 h6 26. Be3 Qc7 27. Qf3 Bg5 28. Bxg5 hxg5 29. Qe3 f6 30. Qe7 Qd7 31. Qxd7 R8xd7 32. Kf1 1/2-1/2

[Event "Landesklasse Ost 2024/25"]
[Site "?"]
[Date "2024.11.24"]
[Round "3.7"]
[White "Lehmann, Volkhard"]
[Black "Pietsch, Karsten"]
[Result "1/2-1/2"]
[WhiteElo "1563"]
[BlackElo "1718"]
[PlyCount "114"]
[EventDate "2024.09.15"]
[EventType "team-tourn"]
[EventRounds "9"]
[WhiteTeam "Schachklub Weida"]
[BlackTeam "TV 1887 Germania Hermsdorf"]

{[%evp 0,114,41,30,28,24,54,57,73,39,24,23,32,12,28,14,3,3,11,6,4,-14,54,64,85,93,66,49,61,38,117,71,62,63,60,58,68,41,58,55,44,55,55,66,66,57,67,30,35,22,33,38,33,38,85,95,106,115,143,98,126,88,88,97,128,128,134,126,146,149,162,152,196,197,197,192,202,194,224,194,194,131,239,137,130,122,122,103,111,102,102,102,102,102,99,90,89,89,79,67,88,79,79,84,83,87,82,82,82,84,68,66,74,74,66,66,66]} 1. d4 d5 2. Bf4 c5 3. e3 Nc6 4. c3 Nf6 5. Nd2 e6 6. Ngf3 Nh5 7. Bg3 Nxg3 8. hxg3 Bd6 9. Qc2 h6 10. Be2 e5 11. dxe5 Nxe5 12. Nxe5 Bxe5 13. Nf3 Bf6 14. Rd1 Qe7 15. Rxd5 O-O 16. Rd2 Be6 17. a3 Rfd8 18. Rxd8+ Rxd8 19. O-O Bd5 20. Rd1 Qe6 21. c4 Bc6 22. Rxd8+ Bxd8 23. Qd2 Bf6 24. b3 Qd7 25. Bd3 Qe8 26. b4 cxb4 27. axb4 Bxf3 28. gxf3 Qe5 29. b5 b6 30. Kg2 Qb2 31. Bc2 Qc3 32. Qe2 Kf8 33. Be4 Be7 34. Bd5 Bb4 35. f4 Bc5 36. Qg4 g6 37. Qd7 Qf6 38. Qxa7 Qe7 39. Qb8+ Kg7 40. Qe5+ f6 41. Qxe7+ Bxe7 42. f3 Bd6 43. e4 h5 44. Kh3 Kh6 45. Be6 Kg7 46. Kh4 Kh6 47. f5 g5+ 48. Kh3 Kg7 49. f4 gxf4 50. gxf4 Bxf4 51. Kh4 Kf8 52. Kxh5 Ke7 53. Kg4 Be5 54. Kf3 Kd6 55. Ke3 Kc5 56. Kd3 Bd4 57. Bd5 Be5 1/2-1/2

[Event "Landesklasse Ost 2024/25"]
[Site "?"]
[Date "2024.11.24"]
[Round "3.8"]
[White "Günther, Dominik"]
[Black "Pillot, Franz"]
[Result "1/2-1/2"]
[WhiteElo "1478"]
[BlackElo "1261"]
[PlyCount "91"]
[EventDate "2024.09.15"]
[EventType "team-tourn"]
[EventRounds "9"]
[WhiteTeam "TV 1887 Germania Hermsdorf"]
[BlackTeam "Schachklub Weida"]

{[%evp 0,91,41,12,32,-11,51,33,45,45,32,32,21,5,47,37,61,39,80,47,43,48,63,56,63,61,98,63,63,-13,18,17,44,42,65,67,79,87,112,33,21,0,68,52,54,55,55,46,58,69,66,62,74,74,50,56,67,69,73,67,157,123,88,86,83,50,166,175,178,116,123,89,118,0,-13,-13,0,-108,0,0,0,0,0,0,0,0,0,0,0,0,0,0,0,0]} 1. d4 Nf6 2. c4 g6 3. Nc3 Bg7 4. e4 d6 5. Be3 O-O 6. f3 c6 7. Bd3 Bd7 8. Qd2 Qc7 9. O-O-O Na6 10. a3 e6 11. h4 Rfd8 12. g4 h5 13. gxh5 Nxh5 14. Nh3 e5 15. d5 Bxh3 16. Rxh3 Qd7 17. Rh2 Nc5 18. Bc2 a5 19. Bxc5 dxc5 20. Na4 Kh7 21. Nb6 Bh6 22. Nxd7 Bxd2+ 23. Rhxd2 Rxd7 24. dxc6 Rxd2 25. Rxd2 bxc6 26. Ba4 Nf4 27. Bxc6 Rh8 28. Rd7 Kg7 29. Bd5 Nxd5 30. cxd5 Rxh4 31. Rc7 Rh3 32. d6 Rh8 33. Rxc5 Rd8 34. Rd5 Kf6 35. d7 Ke6 36. b4 axb4 37. axb4 f5 38. Kd2 Rxd7 39. Rxd7 Kxd7 40. Ke3 Kc6 41. f4 exf4+ 42. Kxf4 fxe4 43. Kxe4 Kb5 44. Kf4 Kxb4 45. Kg5 Kc4 46. Kxg6 1/2-1/2

[Event "Landesklasse Ost 2024/25"]
[Site "?"]
[Date "2024.11.24"]
[Round "3.1"]
[White "Kaipalath, Varun Raj"]
[Black "Kania, Markus"]
[Result "1/2-1/2"]
[WhiteElo "1862"]
[BlackElo "2064"]
[PlyCount "134"]
[EventDate "2024.09.15"]
[EventType "team-tourn"]
[EventRounds "9"]
[WhiteTeam "SV Schott Jena 2"]
[BlackTeam "MTV 1876 Saalfeld"]

1. e4 c6 2. d4 d5 3. Nc3 dxe4 4. Nxe4 Bf5 5. Ng3 Bg6 6. h4 h6 7. Nf3 Nd7 8. h5 Bh7 9. Bd3 Bxd3 10. Qxd3 e6 11. Bd2 Ngf6 12. O-O-O Be7 13. Kb1 O-O 14. Ne4 Nxe4 15. Qxe4 Nf6 16. Qe2 Qd5 17. Ne5 Qe4 18. Qxe4 Nxe4 19. Be1 Rad8 20. f3 Nd6 21. g4 Bf6 22. Ba5 Rc8 23. Nd7 Rfe8 24. Nxf6+ gxf6 25. b3 Kh7 26. Rhe1 b6 27. Bb4 Rcd8 28. a4 Rd7 29. c4 Red8 30. Kc2 Ne8 31. Bc3 Kg7 32. b4 Nd6 33. Kb3 a6 34. c5 Nc8 35. Kc2 Rd5 36. f4 R8d7 37. Rg1 Kh7 38. Rd2 Rd8 39. Rdg2 b5 40. axb5 axb5 41. Ra1 Ne7 42. Ra7 R5d7 43. Rxd7 Rxd7 44. Rg1 Ra7 45. Kb3 Nd5 46. Bd2 Ra8 47. Rf1 Rg8 48. Rg1 Ra8 49. Rf1 Rg8 50. Rg1 f5 51. g5 Nf6 52. Ra1 hxg5 53. fxg5 Nxh5 54. Ra7 f4 55. Rxf7+ Rg7 56. Rf8 Rxg5 57. Bxf4 Rf5 58. Rxf5 exf5 59. Be5 Kg6 60. d5 Kf7 61. dxc6 Ke6 62. c7 Kd7 63. Kc3 f4 64. Kd3 Ng3 65. Bxf4 Nf5 66. Ke4 Ne7 67. Kd4 Nc6+ 1/2-1/2

[Event "Landesklasse Ost 2024/25"]
[Site "?"]
[Date "2024.11.24"]
[Round "3.2"]
[White "Seidel, Thomas"]
[Black "Kavehei, Hamed"]
[Result "0-1"]
[WhiteElo "1879"]
[BlackElo "1735"]
[PlyCount "108"]
[EventDate "2024.09.15"]
[EventType "team-tourn"]
[EventRounds "9"]
[WhiteTeam "MTV 1876 Saalfeld"]
[BlackTeam "SV Schott Jena 2"]

1. e4 e6 2. d4 d5 3. Nc3 Bb4 4. e5 c5 5. a3 Bxc3+ 6. bxc3 Nc6 7. Nf3 Nge7 8. Bd3 Qa5 9. Bd2 Qa4 10. Be3 Qa5 11. Qd2 cxd4 12. cxd4 Qxd2+ 13. Bxd2 f6 14. exf6 gxf6 15. O-O Kf7 16. Rfe1 Bd7 17. h3 h5 18. Re2 Rag8 19. Rae1 e5 20. dxe5 Bxh3 21. Ng5+ fxg5 22. gxh3 Nd4 23. e6+ Ke8 24. Bc3 Nxe2+ 25. Rxe2 Rh6 26. Bb4 Nc6 27. Bb5 Rgg6 28. e7 a6 29. Bxc6+ bxc6 30. c4 d4 31. Re4 Rd6 32. Bxd6 Rxd6 33. Kf1 Rd7 34. c5 d3 35. Re1 Rxe7 36. Rd1 Rd7 37. f3 Kf7 38. Kf2 d2 39. Ke3 Re7+ 40. Kf2 Rd7 41. Ke3 Rd5 42. f4 Kf6 43. fxg5+ Kxg5 44. Kf3 Kh4 45. a4 a5 46. Kg2 Rd3 47. Kh2 Rxh3+ 48. Kg2 Rd3 49. Kf2 Kg4 50. Ke2 Rd5 51. Kf2 Kf4 52. Ke2 Kg3 53. Rg1+ Kh2 54. Rd1 Kg2 0-1

[Event "Landesklasse Ost 2024/25"]
[Site "?"]
[Date "2024.11.24"]
[Round "3.3"]
[White "Eichhorn, Mathilda"]
[Black "Bellmann, Daniel"]
[Result "0-1"]
[WhiteElo "1757"]
[BlackElo "1814"]
[PlyCount "114"]
[EventDate "2024.09.15"]
[EventType "team-tourn"]
[EventRounds "9"]
[WhiteTeam "SV Schott Jena 2"]
[BlackTeam "MTV 1876 Saalfeld"]

{[%evp 0,114,19,28,78,63,67,31,25,36,41,32,13,28,18,-26,-23,-26,-26,-26,-26,-42,-42,-49,-25,-30,-17,-49,-32,-17,-25,-54,-42,-70,-70,-70,-64,-70,-59,-59,3,-48,-26,-26,-21,-22,-22,-22,-22,-28,-28,-30,-30,-24,-38,-30,-5,-5,-5,-26,-23,-32,-32,-36,-36,-36,-43,-66,-53,-37,-35,-35,-51,-62,-54,-62,-54,-100,-54,-100,-40,-65,-13,-168,-81,-81,-74,-82,-74,-193,-138,-144,-144,-144,-144,-375,-332,-334,-253,-340,-264,-251,-220,-273,-233,-504,-461,-495,-575,-2156,-2243,-2243,-2243,-2233,-2002,-29971,-29972]} 1. e4 c6 2. d4 d5 3. Nc3 dxe4 4. Nxe4 Nf6 5. Ng3 h5 6. h4 c5 7. Bb5+ Nc6 8. N1e2 Qa5+ 9. Nc3 cxd4 10. Bxc6+ bxc6 11. Qxd4 Ba6 12. Bd2 e5 13. Qa4 Qxa4 14. Nxa4 O-O-O 15. O-O-O Ng4 16. Be3 Rxd1+ 17. Rxd1 Nxe3 18. fxe3 Bb5 19. Nc3 Bc5 20. e4 Bc4 21. Nf5 g6 22. Nd6+ Bxd6 23. Rxd6 Kc7 24. Rf6 Be6 25. Na4 Kd6 26. Rf3 c5 27. Nc3 Kc6 28. Nd5 c4 29. Rf6 Rb8 30. c3 Rb7 31. Kc2 Kc5 32. Ne3 Rd7 33. Rf2 a5 34. Nf1 Bg4 35. Ne3 Be6 36. Re2 a4 37. a3 Rd3 38. Re1 Rd8 39. Rf1 Rg8 40. g3 g5 41. Nf5 gxh4 42. gxh4 Rg2+ 43. Kc1 Rg4 44. Re1 Rf4 45. Ng7 Rxh4 46. Nxe6+ fxe6 47. Kd2 Rh2+ 48. Kc1 Kd6 49. Re3 Ke7 50. Rf3 Rh4 51. Re3 Kf6 52. b4 cxb3 53. c4 Rh2 54. Rc3 Rc2+ 55. Rxc2 bxc2 56. Kxc2 h4 57. c5 h3 0-1

[Event "Landesklasse Ost 2024/25"]
[Site "?"]
[Date "2024.11.24"]
[Round "3.4"]
[White "Böhl, Dietmar"]
[Black "Link, Moritz"]
[Result "1-0"]
[WhiteElo "1805"]
[BlackElo "1717"]
[PlyCount "47"]
[EventDate "2024.09.15"]
[EventType "team-tourn"]
[EventRounds "9"]
[WhiteTeam "MTV 1876 Saalfeld"]
[BlackTeam "SV Schott Jena 2"]

1. Nf3 Nf6 2. c4 e6 3. Nc3 b6 4. b3 Bb7 5. Bb2 d5 6. e3 c5 7. cxd5 exd5 8. Bb5+ Nc6 9. Ne5 Qc7 10. d4 Bd6 11. Nxc6 Bxc6 12. dxc5 bxc5 13. Qd3 O-O 14. Bxc6 Qxc6 15. O-O Rab8 16. Rab1 Bxh2+ 17. Kxh2 Ng4+ 18. Kg3 Qd6+ 19. Kxg4 Qf6 20. Rh1 Rb4+ 21. f4 Qe6+ 22. Kf3 h5 23. Rxh5 f5 24. Qxd5 1-0

[Event "Landesklasse Ost 2024/25"]
[Site "?"]
[Date "2024.11.24"]
[Round "3.5"]
[White "Bunke, Wilfried"]
[Black "Wagner, Ronald"]
[Result "1/2-1/2"]
[WhiteElo "1865"]
[BlackElo "1775"]
[PlyCount "78"]
[EventDate "2024.09.15"]
[EventType "team-tourn"]
[EventRounds "9"]
[WhiteTeam "SV Schott Jena 2"]
[BlackTeam "MTV 1876 Saalfeld"]

1. d4 Nf6 2. c4 g6 3. Nc3 Bg7 4. e4 d6 5. f4 O-O 6. Nf3 c5 7. d5 e6 8. Be2 exd5 9. cxd5 Re8 10. Nd2 a6 11. a4 Nbd7 12. O-O Qc7 13. Qc2 b6 14. Nc4 Bb7 15. Bf3 Rab8 16. Bd2 Ba8 17. Rfe1 b5 18. axb5 axb5 19. Nxd6 Qxd6 20. e5 Qb6 21. exf6 Nxf6 22. Kh1 b4 23. Na4 Qd6 24. Qxc5 Qxc5 25. Nxc5 Bxd5 26. Rxe8+ Rxe8 27. Bxb4 Bxf3 28. gxf3 Nd5 29. Ba3 Nxf4 30. Rd1 Rb8 31. Rd2 h5 32. Kg1 h4 33. Ne4 Rb3 34. Rd8+ Kh7 35. Ng5+ Kh6 36. Nxf7+ Kh5 37. Kf2 Nd3+ 38. Ke2 Nf4+ 39. Kf2 Nd3+ 1/2-1/2

[Event "Landesklasse Ost 2024/25"]
[Site "?"]
[Date "2024.11.24"]
[Round "3.6"]
[White "Herrmann, Manfred"]
[Black "Jordan, Gunter"]
[Result "0-1"]
[WhiteElo "1567"]
[BlackElo "1785"]
[PlyCount "92"]
[EventDate "2024.09.15"]
[EventType "team-tourn"]
[EventRounds "9"]
[WhiteTeam "MTV 1876 Saalfeld"]
[BlackTeam "SV Schott Jena 2"]

1. g3 d5 2. Bg2 Nf6 3. d3 Bf5 4. Nc3 c6 5. Bg5 Nbd7 6. Nf3 h6 7. Bd2 e5 8. O-O d4 9. Nb1 Qb6 10. Qc1 Bd6 11. e4 Be6 12. Kh1 g5 13. Ng1 Nh5 14. h3 O-O-O 15. Ne2 Rdf8 16. g4 Nf4 17. Bxf4 exf4 18. f3 h5 19. Kg1 hxg4 20. fxg4 Ne5 21. a4 f3 22. Bxf3 Rxh3 23. Bg2 Rh4 24. a5 Qd8 25. Nxd4 Bc5 26. c3 Bxd4+ 27. cxd4 Qxd4+ 28. Rf2 Nxd3 29. Qd2 Rxg4 30. Nc3 Qxf2+ 31. Qxf2 Nxf2 32. Kxf2 Rh8 33. Nd1 Rf4+ 34. Kg1 Bh3 35. Ne3 Bxg2 36. Nxg2 Rxe4 37. a6 f5 38. Rc1 Rhe8 39. axb7+ Kxb7 40. Rc5 R8e5 41. Rc3 f4 42. Rb3+ Rb5 43. Rd3 Rxb2 44. Rd7+ Kb6 45. Rg7 f3 46. Rxg5 Rxg2+ 0-1

[Event "Landesklasse Ost 2024/25"]
[Site "?"]
[Date "2024.11.24"]
[Round "3.7"]
[White "Hirsch, Tilo"]
[Black "Utermann, Utz"]
[Result "1-0"]
[WhiteElo "1711"]
[BlackElo "1255"]
[PlyCount "43"]
[EventDate "2024.09.15"]
[EventType "team-tourn"]
[EventRounds "9"]
[WhiteTeam "SV Schott Jena 2"]
[BlackTeam "MTV 1876 Saalfeld"]

{[%evp 0,43,19,38,50,56,80,58,52,28,82,66,66,58,49,44,33,33,22,13,3,-54,-16,-151,58,23,8,8,33,61,59,59,92,91,238,214,167,141,157,143,126,122,120,89,503,520]} 1. e4 c5 2. Nf3 d6 3. d4 cxd4 4. Nxd4 g6 5. Bc4 Bg7 6. O-O Nf6 7. Nc3 O-O 8. Be3 Nbd7 9. Qd2 Ng4 10. Bg5 h6 11. Bh4 Kh7 12. h3 Nge5 13. Be2 Nb6 14. Rad1 Nec4 15. Qc1 Qc7 16. Ndb5 Qc5 17. Bxe7 Re8 18. Bxd6 Nxd6 19. Nxd6 Re7 20. Nxc8 Rxc8 21. Rd3 Rxe4 22. Nxe4 1-0

[Event "Landesklasse Ost 2024/25"]
[Site "?"]
[Date "2024.11.24"]
[Round "3.8"]
[White "Möbius, Rene"]
[Black "Crecelius, Carlo"]
[Result "1/2-1/2"]
[WhiteElo "1597"]
[BlackElo "1650"]
[PlyCount "89"]
[EventDate "2024.09.15"]
[EventType "team-tourn"]
[EventRounds "9"]
[WhiteTeam "MTV 1876 Saalfeld"]
[BlackTeam "SV Schott Jena 2"]

1. c4 g6 2. d4 Bg7 3. Nc3 Nf6 4. e4 d6 5. Nf3 Bg4 6. Be2 Nbd7 7. h3 Bxf3 8. Bxf3 e5 9. d5 Nc5 10. Be3 a5 11. O-O O-O 12. Qc2 Qe7 13. Na4 b6 14. Nc3 Kh8 15. a3 Nh5 16. Bxh5 gxh5 17. b4 Nb7 18. Qd2 f5 19. Bg5 Qd7 20. f3 f4 21. Bh4 Bf6 22. Bxf6+ Rxf6 23. Kh2 Rg6 24. Qf2 Rag8 25. Rg1 Qe7 26. Ne2 Nd8 27. Qe1 Qg7 28. Qf1 Nf7 29. b5 Nh6 30. Ra2 Nf7 31. a4 Ng5 32. Ra1 h4 33. Rc1 h6 34. Ra1 Nh7 35. Ra2 Nf6 36. Qf2 Nh5 37. Qf1 Ng3 38. Qf2 Qe7 39. Rc2 Qg5 40. Ra2 Kg7 41. Qe1 Kf6 42. Nxg3 fxg3+ 43. Kh1 Ke7 44. Qd2 Rf8 45. Rf1 1/2-1/2

[Event "Landesklasse West 2024/25"]
[Site "?"]
[Date "2024.11.24"]
[Round "3.1"]
[White "Kurze, Christoph"]
[Black "Kachel, Alfred"]
[Result "1-0"]
[WhiteElo "1914"]
[BlackElo "1860"]
[PlyCount "74"]
[EventDate "2024.09.15"]
[EventType "team-tourn"]
[EventRounds "9"]
[WhiteTeam "SV Ammern"]
[BlackTeam "SC Rochade Leinefelde"]

{[%evp 0,74,19,36,69,71,74,36,47,25,39,42,49,43,38,32,21,19,28,31,33,33,44,21,21,-2,19,9,3,-10,6,-12,20,30,27,7,10,12,6,-16,23,17,13,18,12,0,0,0,0,0,0,8,41,47,47,47,37,33,37,38,39,34,105,270,307,347,370,414,439,439,738,826,835,817,961,1035,1085]} 1. e4 c6 2. d4 d5 3. Nd2 dxe4 4. Nxe4 Bf5 5. Ng3 Bg6 6. h4 h6 7. Nf3 Nd7 8. h5 Bh7 9. Bd3 Bxd3 10. Qxd3 Qc7 11. Bd2 Ngf6 12. Qe2 e6 13. O-O-O O-O-O 14. Ne5 Nb6 15. Ba5 Rd5 16. Bxb6 axb6 17. Ne4 Nxe4 18. Qxe4 Bd6 19. f4 f5 20. Qe3 Bxe5 21. dxe5 Rhd8 22. c4 Rxd1+ 23. Rxd1 Rxd1+ 24. Kxd1 Qf7 25. Qf3 g6 26. hxg6 Qxg6 27. Ke2 h5 28. Kf2 Qg4 29. Qxg4 hxg4 30. Kg3 b5 31. cxb5 cxb5 32. Kh4 Kd7 33. Kg5 Kc6 34. Kf6 Kd5 35. g3 b4 36. Ke7 Ke4 37. Kxe6 Kf3 1-0

[Event "Landesklasse West 2024/25"]
[Site "?"]
[Date "2024.11.24"]
[Round "3.2"]
[White "Pfitzenreuter, Gerald"]
[Black "Möller, Axel"]
[Result "1/2-1/2"]
[WhiteElo "1863"]
[BlackElo "1988"]
[PlyCount "28"]
[EventDate "2024.09.15"]
[EventType "team-tourn"]
[EventRounds "9"]
[WhiteTeam "SC Rochade Leinefelde"]
[BlackTeam "SV Ammern"]

{[%evp 0,28,36,27,21,-10,-9,21,62,46,76,63,65,60,60,60,64,63,98,102,98,108,97,91,82,76,68,-7,24,6,53]} 1. d4 Nf6 2. c4 d5 3. cxd5 Nxd5 4. e4 Nb6 5. Nc3 g6 6. Be3 Bg7 7. h3 O-O 8. Nf3 N8d7 9. Be2 c6 10. O-O Nf6 11. Ne5 Be6 12. Qc2 Nfd7 13. Nxd7 Qxd7 14. Rad1 Bc4 1/2-1/2

[Event "Landesklasse West 2024/25"]
[Site "?"]
[Date "2024.11.24"]
[Round "3.3"]
[White "Thon, Philipp"]
[Black "Hellrung, Bernhard"]
[Result "1-0"]
[WhiteElo "1956"]
[BlackElo "1808"]
[PlyCount "71"]
[EventDate "2024.09.15"]
[EventType "team-tourn"]
[EventRounds "9"]
[WhiteTeam "SV Ammern"]
[BlackTeam "SC Rochade Leinefelde"]

{[%evp 0,71,36,31,63,63,63,20,42,51,40,29,45,36,56,39,40,44,39,44,60,62,64,59,65,60,63,50,62,72,70,56,77,49,56,24,17,-19,-28,-27,19,0,0,0,13,0,0,5,10,13,28,22,29,43,42,27,26,28,36,7,17,10,20,17,20,20,152,220,29991,29992,29993,29994,29999,-30000]} 1. e4 d6 2. d4 Nf6 3. Bd3 Nbd7 4. Nf3 e5 5. c3 c6 6. Bg5 Be7 7. Nbd2 h6 8. Bh4 Qc7 9. O-O Nf8 10. Bg3 Ng6 11. Nc4 Nd7 12. Re1 O-O 13. a4 a5 14. Qd2 Re8 15. Ne3 Bf8 16. Nf5 Nf6 17. N3h4 Nxh4 18. Bxh4 Bxf5 19. exf5 Be7 20. dxe5 dxe5 21. Bc4 Rad8 22. Qe2 Nd5 23. Bg3 Bf6 24. Rad1 Kf8 25. h3 Nf4 26. Qe3 b6 27. Qe4 Rxd1 28. Rxd1 Rd8 29. Re1 Qd6 30. Kh2 Kg8 31. Re3 Qc5 32. Bb3 Rd2 33. Bxf4 exf4 34. Qe8+ Kh7 35. Bxf7 Rd8 36. Bg6# 1-0

[Event "Landesklasse West 2024/25"]
[Site "?"]
[Date "2024.11.24"]
[Round "3.4"]
[White "Frank, Thomas"]
[Black "Dawydow, Alexej"]
[Result "0-1"]
[WhiteElo "1816"]
[BlackElo "1954"]
[PlyCount "57"]
[EventDate "2024.09.15"]
[EventType "team-tourn"]
[EventRounds "9"]
[WhiteTeam "SC Rochade Leinefelde"]
[BlackTeam "SV Ammern"]

{[%evp 0,57,21,27,19,-9,2,-18,26,36,35,25,59,59,46,59,59,49,43,52,50,49,62,49,46,26,41,27,40,8,48,36,46,36,56,67,80,39,34,9,21,23,59,26,50,24,24,-38,41,32,32,35,90,61,82,74,99,-312,-320,-323]} 1. d4 d5 2. c4 e6 3. Nc3 c6 4. e4 dxe4 5. Nxe4 Nf6 6. Nxf6+ Qxf6 7. Nf3 Nd7 8. Bd3 Bb4+ 9. Bd2 Bxd2+ 10. Qxd2 O-O 11. O-O e5 12. dxe5 Nxe5 13. Nxe5 Qxe5 14. Qc2 h6 15. Rfe1 Qg5 16. Re3 Be6 17. Qc3 h5 18. Rg3 Qh6 19. h4 Rad8 20. Re1 Bg4 21. f3 Be6 22. Rg5 Rfe8 23. b3 b6 24. Be4 c5 25. Bc6 f6 26. Bxe8 fxg5 27. hxg5 Qxg5 28. Qe5 Qxe5 29. Rxe5 0-1

[Event "Landesklasse West 2024/25"]
[Site "?"]
[Date "2024.11.24"]
[Round "3.5"]
[White "Salaske, Peter"]
[Black "Meitzner, Johan Eduard"]
[Result "1/2-1/2"]
[WhiteElo "1833"]
[BlackElo "1652"]
[PlyCount "31"]
[EventDate "2024.09.15"]
[EventType "team-tourn"]
[EventRounds "9"]
[WhiteTeam "SV Ammern"]
[BlackTeam "SC Rochade Leinefelde"]

{[%evp 0,31,19,19,30,30,23,30,30,3,50,34,33,17,31,8,11,5,0,-4,5,-10,-20,-18,3,-30,31,9,14,8,12,2,15,21]} 1. d4 Nf6 2. Nf3 e6 3. Bg5 d5 4. e3 b6 5. c3 Bb7 6. Nbd2 Be7 7. Bd3 Nbd7 8. Qe2 Ne4 9. Bxe7 Qxe7 10. h4 h6 11. Ba6 Bc6 12. Bb5 Qd6 13. Bxc6 Qxc6 14. Nxe4 dxe4 15. Nd2 f5 16. Qh5+ 1/2-1/2

[Event "Landesklasse West 2024/25"]
[Site "?"]
[Date "2024.11.24"]
[Round "3.6"]
[White "Elzhurkaev, Abdul-Malik"]
[Black "Hentrich, Jörg"]
[Result "1-0"]
[WhiteElo "1498"]
[BlackElo "1769"]
[PlyCount "51"]
[EventDate "2024.09.15"]
[EventType "team-tourn"]
[EventRounds "9"]
[WhiteTeam "SC Rochade Leinefelde"]
[BlackTeam "SV Ammern"]

{[%evp 0,51,23,19,23,23,47,32,93,70,62,35,35,23,13,-7,43,13,10,-19,-3,6,14,41,55,77,181,73,63,63,133,56,106,-21,39,37,31,-26,-33,-19,23,-15,6,12,48,41,193,117,462,474,493,491,491,500]} 1. d4 Nf6 2. Bf4 d6 3. Nc3 g6 4. e4 Bg7 5. Qd2 O-O 6. f3 c5 7. d5 Na6 8. g4 Nc7 9. O-O-O a6 10. Bh6 b5 11. h4 b4 12. Nce2 Nb5 13. Bxg7 Kxg7 14. h5 Ng8 15. Nh3 Rb8 16. c4 bxc3 17. Nxc3 Nd4 18. Qe3 e5 19. Rd2 Qf6 20. Rf2 a5 21. g5 Qe7 22. Rfh2 f6 23. hxg6 hxg6 24. Nf4 fxg5 25. Rh7+ Kf6 26. Ne6 1-0